The local structure of finite groups of characteristic 2 type
Αποθηκεύτηκε σε:
| Κύριος συγγραφέας: | |
|---|---|
| Άλλοι συγγραφείς: | |
| Μορφή: | Βιβλίο |
| Γλώσσα: | English |
| Δημοσίευση: |
Providence, R.I. :
American Mathematical Society,
1983
|
| Σειρά: | Memoirs of the American Mathematical Society ;
; 276 |
| Θέματα: | |
| Ετικέτες: |
Προσθήκη ετικέτας
Δεν υπάρχουν, Καταχωρήστε ετικέτα πρώτοι!
|
MARC
| LEADER | 00000cam a2200000 i 4500 | ||
|---|---|---|---|
| 001 | 1/49600 | ||
| 008 | 941103s1983 eng d | ||
| 020 | |a 0821822764 | ||
| 035 | |l 10043651 | ||
| 035 | |a 1993 | ||
| 040 | |a GR-MY-UA |b gre |e aacr | ||
| 041 | 0 | |a eng | |
| 082 | 0 | |a 512.2 | |
| 100 | 1 | |a Gorenstein, Daniel. | |
| 245 | 1 | 4 | |a The local structure of finite groups of characteristic 2 type / |c Daniel Gorenstein and Richard Lyons |
| 260 | |a Providence, R.I. : |b American Mathematical Society, |c 1983 | ||
| 300 | |a vii, 731 p.; |c 26 cm | ||
| 490 | 1 | |a Memoirs of the American Mathematical Society |v ; 276 | |
| 504 | |a Bibliography: p. 723-731 | ||
| 650 | 0 | 0 | |a Finite simple groups. |
| 700 | 1 | |a Lyons, Richard, |d 1945- | |
| 830 | 0 | |a Memoirs of the American Mathematical Society ; |v ; 276 | |
| 852 | |a INST |b SAMOS |e 19941103 |h 512.2 GOR |p 005300007524 |q 005300007524 |t BK |y 0 | ||
| 909 | |a Σ |b 033568 | ||